000 003850000a22001690004500
003 LK-CoMWRAF
008 230817t ||||| |||| 00| 0 eng d
040 _aLK-CoMWRAF
_dLK-CoMWRAF
_eLK-CoMWRAF
041 _aeng
082 _a021
_bKAM
100 _aKamal
245 _aOli paravukirathu
_b
260 _aMadras
_bSAB
_Y1995
300 _ap.184
650 _aLiterature
942 _cBK
999 _c2839
_d2839